Statystyki dla Państwa Najbliższe Gruzji

Kliknij tutaj aby rozwiązać quiz!

Ogólne statystyki

  • Ten quiz został rozwiązany 163 razy
  • Średni wynik to 18 z 21

Statystyki odpowiedzi

KmPaństwo% Poprawnych
0Rosja
98%
0Armenia
97%
0Azerbejdżan
97%
0Turcja
97%
422Irak
92%
162Iran
92%
337Ukraina
92%
442Syria
91%
430Kazachstan
87%
1056Izrael
86%
480Turkmenistan
85%
775Uzbekistan
85%
842Rumunia
83%
920Bułgaria
82%
1060Arabia
Saudyjska
81%
1117Grecja
80%
966Jordania
77%
900Liban
77%
843Mołdawia
77%
1116Białoruś
68%
883Cypr
66%

Rozkład punktacji

Percentyl według liczby udzielonych odpowiedzi

Procent ludzi z każdym wynikiem

Twoja historia wyników

Nie rozwiązałeś tego quizu